000 01552 a2200229 4500
001 29448
005 20260407155604.0
008 260407a1998 arg spa d
003 AR-UNSa-BCEJYS
040 _aAR-UNSa-BCEJYS
_bspa
_cAR-UNSa-BCEJYS
080 _a336.225
_xMétodo de tributación y administración de impuestos
245 1 0 _aIlicitos penales tributarios
250 _a2a. ed.
264 1 _aBuenos Aires :
_bEdiciones Nueva Técnica
_c1998
300 _a62 p.
_c28 cm.
505 _aModulo I: El Ilícito tributario: 1. Ilícitos tributario - 2. Sanciones tributarias - 3. Principios del derecho penal - 4. Aspectos propios del derecho penal - Modulo II: Breve análisis de los tipos y sanciones previstas en la derogada ley 23771 (Régimen vigente hasta 23/13/97): 1. Consideraciones preliminares - 2. Ley penal tributaria y previsional Nº23771 - Modulo III: Breve análisis de los tipos y sanciones previstas en la nueva ley penal tributaria Nº24769 (Régimen vigente desde el 24/1/97): 1. Normas penales tributarias - 2. La evasión fiscal - 3. Nueva ley penal tributaria y previsional Nº24769 - 4. Régimen penal tributario y previsional ley Nº 24769:Título I: Delitos tributarios;Título II: Delitos relativos a los recursos de la seguridad social;Título III: Delitos fiscales comunes;Título IV: Disposiciones generales;Título V: De los procedimientos administrativo y penal
041 _aspa
942 _cBK
590 _aniveau_biblio:m niveau_hierar:0
100 1 _aGómez, Teresa
700 1 _aFolco, Carlos Maria
999 _c1873
_d1873